[Event "Wuerttemberg-ch KT"]
[Site "Tuebingen"]
[Date "2007.08.25"]
[Round "1"]
[White "Kracke, Moritz"]
[Black "Altimira, Jordi"]
[Result "1/2-1/2"]
[WhiteElo "2054"]
[BlackElo "1803"]
[PlyCount "58"]
[EventDate "2007.08.25"]
[EventType "swiss"]
[EventRounds "9"]
[EventCountry "GER"]
[SourceTitle "CBM 120 Extra"]
[Source "ChessBase"]
[SourceDate "2007.11.01"]
[SourceVersion "1"]
[SourceVersionDate "2007.11.01"]
[SourceQuality "1"]

1. e4 c5 2. Nf3 d6 3. d4 cxd4 4. Nxd4 Nf6 5. Nc3 a6 6. Bc4 e6 7. Bb3 Be7 8. f4 Qc7 9. Qf3 Nc6 10. Be3 Bd7 11. f5 Nxd4 12. Bxd4 0-0 13. 0-0-0 b5 14. fxe6 fxe6 15. Qh3 d5 16. exd5 exd5 17. Qd3 Kh8 18. Kb1 Rad8 19. Qe3 Bf5 20. Bb6 Ng4 21. Bxc7 Nxe3 22. Bxd8 Rxd8 23. Rde1 d4 24. Nd1 Bg5 25. Nxe3 dxe3 26. h4 Bh6 27. Ref1 g6 28. a3 Bg4 29. c3 e2 1/2-1/2